00939nam a2200229 a 4500001001000000003000500010005001700015008004100032010001100073011001100084040000900095100003600104245017000140260004100310500006000351502009700411650002700508650004100535650002600576650003700602856007000639000109060CHAP20220329144035.0140401s2013 mx sm |||||||spa d a105522 a106494 cCHAP1 aSánchez Hérnandez, Víctor10aCaracterización morfológica de una población silvestre de Dahlia sherffii Sorensen en el estado de Chihuahuah[En línea]cpor Víctor Sánchez Hérnandez. aChapingo, Méx. :bEl autor,c2013. aPara ver el contenido del material haga clic en la liga aTesis (Ing. Agr. Esp. en Zonas Tropicales) -- UACH. Unidad Regional Universitaria Sursureste14aBotánicaxChihuahua.14aConservación de la vida silvestre.14aMorfología vegetal.14aPlantas silvestresxGermoplasma. aFinding aiduhttp://10.13.5.2/tesis/sist109060.pdfzTeclea aquí